000 00303nam a22001337a 4500
003 OSt
008 240416b |||||||| |||| 00| 0 eng d
020 _a9798708122391
082 _a005.133 SIA
100 _aJAIN,Sameer
245 _aPrivate Equity Concepts and Terms
300 _a78
942 _2ddc
_cBK
999 _c12515
_d12515